Obra breve
Bewaard in:
| Hoofdauteur: | |
|---|---|
| Formaat: | Boek |
| Taal: | Spaans |
| Gepubliceerd in: |
Madrid
Alfaguara
1996
|
| Editie: | 3a. ed |
| Onderwerpen: | |
| Tags: |
Voeg label toe
Geen labels, Wees de eerste die dit record labelt!
|
MARC
| LEADER | 00000nam a2200000 a 4500 | ||
|---|---|---|---|
| 001 | UCS1946 | ||
| 003 | CL-VaPUC | ||
| 008 | 970516e19960000SP |||||||||||||||||spa|d | ||
| 082 | 0 | 4 | |a 860.8 |b PER |2 21 |
| 100 | 0 | |a Pérez-Reverte, Arturo |e author |9 386874 | |
| 245 | 1 | 0 | |a Obra breve |
| 250 | |a 3a. ed | ||
| 300 | |a v | ||
| 942 | |c BK | ||
| 945 | |d 19970516 00:00:00 |a rleighto | ||
| 260 | |a Madrid |b Alfaguara |c 1996 | ||
| 650 | 0 | |a Literatura española |9 306261 | |
| 650 | 7 | |a RELATOS ESPAÑOLES |2 CL-VaPUC |9 386875 | |
| 650 | 0 | |a Cuentos españoles |9 267960 | |
| 583 | |a last modification |c 19970516 00:00:00 |k Rodrigo Vera | ||
| 999 | |c 259956 |d 259954 | ||
| 952 | |0 0 |1 0 |4 0 |6 860_800000000000000_PER_1996 |7 0 |8 A |9 285491 |a BIBEDU |b BIBEDU |d 2019-11-19 |h v.1 |i 3306631 |o 860.8 PER 1996 |p 3306631 |r 2019-11-19 |w 2019-11-19 |y BK |k LIT | ||